Statistics for Guess The Lyrics #7

Click here to take the quiz!

General Stats

  • This quiz has been taken 908 times
    (883 since last reset)
  • The average score is 144 of 292

Answer Stats

Answer% Correct
I
99%
a
98%
ya
95%
you
95%
the
93%
an
85%
me
85%
to
85%
love
84%
In
82%
Do
80%
your
80%
be
79%
on
79%
We
79%
we
79%
can
77%
and
75%
And
75%
it
74%
When
74%
when
74%
no
73%
go
72%
So
71%
that
70%
my
69%
see
69%
know
68%
want
63%
one
62%
You're
59%
if
58%
If
58%
not
58%
don't
54%
Don't
54%
could
52%
then
52%
this
51%
All
50%
all
50%
look
49%
only
49%
eyes
47%
into
47%
time
47%
time...
47%
it's
46%
But
45%
some
45%
think
45%
were
45%
feel
43%
heart
43%
up
41%
Just
39%
just
39%
need
39%
I'll
37%
never
37%
way
35%
out
34%
take
34%
mine
33%
their
33%
always
29%
been
29%
Or
29%
own
29%
'Cause
28%
there's
28%
come
26%
hold
25%
same
25%
nothin'
24%
find
23%
away
22%
alone
21%
forever
21%
hard
21%
Wouldn't
21%
rain
20%
left
19%
mind
19%
someone
19%
cold
18%
end
18%
even
18%
Even
18%
head
18%
broken
17%
really
17%
both
16%
Everybody
16%
pain
16%
somebody
16%
still
16%
through
16%
darlin'
15%
We've
15%
change
14%
keep
14%
long
14%
nothing
14%
November
14%
needs
13%
open
13%
rest
13%
today
13%
heal
12%
kill
12%
lasts
11%
restrained
11%
blame
10%
friends
10%
seem
10%
Sometimes
10%
who's
10%
candle
9%
hearts
9%
knowin'
9%
line
9%
sure
9%
tryin'
9%
walkin'
9%
lay
8%
lovers
8%
refrain
8%
such
8%
one's
7%
darkness
5%
harm
5%
Walking
5%
charm
4%
lettin'
4%
remain
4%
shadows
4%
fears
3%
subside
3%

Score Distribution

Percentile by Number Answered

Percent of People with Each Score

Your Score History

You have not taken this quiz since the last reset